000 00489nam a2200157 i 4500
001 94304
003 ES-MaACL
005 20230906181439.0
007 t|
008 050427s1903 sp ||||1| spa d
100 1 _aLópez del Vallado, Félix.
_973606
245 1 3 _aEl origen formal de la sociedad según la escuela
_b: tesis doctoral /
_cFelix López Vallado.
260 _aBilbao :
_b[s.n.],
_c1903 (
_fImp.del C. de Jesus)
502 _aTesis doctoral.
852 _aES-MaACL
_jT-1062-F-13
999 _c94304
_d94304